Questions-réponses sur Biarritz - Statistiques

Statistiques générales
  • Ce quiz a été pris 161 fois
  • Le résultat moyen est 10 sur 16
Statistiques - réponses
Questions Réponses % Correct
Océan qui borde Biarritz. L'Océan atlantique
99%
Territoire avec une histoire et des traditions spécifique ainsi qu'une langue propre, à cheval sur l'Espagne et la France, sur lequel se trouve également Biarritz. Le Pays basque
96%
Ville souvent considérée comme la capitale de la partie française ce territoire et qui se maintient à environ huit kilomètres de Biarritz, vers l'intérieur des terres. Bayonne
90%
Très sainte femme à qui est dédié un rocher sur lequel est même érigée une statue à son effigie. Ce rocher est devenu l'emblème de la ville. La Vierge Marie
86%
Comment appelle-t-on les habitants de Biarritz ? Les Biarrots
85%
Région d'avant 2016 à laquelle appartient Biarritz. L'Aquitaine
83%
Impératrice des Français d'origine espagnole, connue pour sa grande piété et sa rigueur morale qui, avec son mari, fit le succès de Biarritz en tant que station de villégiature. Eugénie de Montijo
71%
Golfe faisant partie intégrante de cet océan et dans le creux duquel se trouve Biarritz. Le Golfe de Gascogne
69%
Animal traditionnellement chassé à Biarritz jusqu'au XVIIe siècle. La dernière prise recensée date du mois de mars 1686. La baleine
64%
Pays qui bombarda Biarritz en date du 27 mars 1944 tuant 145 civils dont 4 enfants et détruisant 375 maisons. Les États-Unis d'Amérique
52%
Outre la langue évoquée à la question #4, quelle est l'autre langue régionale reconnue comme autochtone à Biarritz ? Le gascon
50%
Traitement par lequel sont utilisés les bienfaits du milieu marin dans un but préventif ou curatif. Le climat doux et océanique de Biarritz est idéal pour ce genre de cures. La ville accueillit en 1902, un congrès international dans ce domaine La thalassothérapie
39%
Champion de tennis né à Biarritz, "Mousquetaire", devenu commissaire aux sports du gouvernement de Pétain et partisan de l'amateurisme dans le sport. Jean Borotra
34%
Champion cycliste breton, triple vainqueur du Tour de France, qui fonda à Biarritz un centre en ce domaine en 1979. Louison Bobet
32%
Acteur principal du film "Le voyage à Biarritz" de Gilles Grangier, sorti en 1963. Fernandel
24%
Constructeur automobile français qui créa en 1937 un modèle cabriolet nommé "Biarritz", avec la conduite à droite. Hotchkiss
22%
Aucun quiz correspondant
Distribution des résultats
% des personnes avec chaque résultat
Percentile par nombre de réponses
Votre historique - résultats
Vous n’avez pas pris ce quiz